Siete cuerdas

保存先:
書誌詳細
第一著者: Gómez Lance, Betty Rita
フォーマット: 図書
言語:Undetermined
出版事項: España Ediciones Cardeñoso 1996
主題:
タグ: タグ追加
タグなし, このレコードへの初めてのタグを付けませんか!

MARC

LEADER 00000nam a2200000Ia 4500
008 170316s9999 xx 000 0 und d
040 |a cru BVZT 
090 |a 868 G-11.1s 
100 |a Gómez Lance, Betty Rita 
245 |a Siete cuerdas 
260 |a España 
260 |b Ediciones Cardeñoso 
260 |c 1996 
300 |a 86 páginas 
650 |a LITERATURA COSTARRICENSE 
650 |a POESÍA 
999 |c 11064  |d 11064 
942 |c 15 D  |h 868 G-11.1s  |2 z